Ricostruisci la Carriera del Calciatore - Luka Jović - Statistics

Statistiche generali
  • Questo quiz è stato fatto 10 volte
  • Il punteggio medio è 4 su 8
Statistiche sulle risposte
Hint Risposta % Corretto
2014-2016 Stella Rossa
86%
2017-2019 Eintracht Francoforte
71%
2023- Milan
71%
2016-2017 Benfica
43%
2022-2023 Fiorentina
43%
2019-2021 Real Madrid
43%
2021 Eintracht Francoforte
29%
2021-2022 Real Madrid
29%
Nessun quiz corrispondente trovato
Distribuzione punteggi
Percentuale di utenti per punteggio
Percentile per numero di risposta
I tuoi punteggi nel tempo
Non hai fatto questo quiz